1795 1504 1914 1363 1232 1165 1793 1261 1596 1616 1177 1404 1948 1374 1363 1749 1407 1776 1179 1841 1385 1663 1564 1572 1434 1953 1115 1355 1872 1077 1737 1394 1078 1465 1308 1668 1312 1872 1256 1036 1630 1302 1345 1808 1385 1452 1711 1267 1014 1046 1038 1016 1045 1227 1331 1992 1252 1707 1951 1816 1399 1458 1113 1900 1457 1451 1660 1846 1355 1006 1336 1647 1292 1186 1868 1578 1269 1377 1761 1511 1221 1713 1430 1587 1632 1471 1592 1556 1471 1125 1745 1606 1739 1397 1258 1717 1870 1361 1989 BCNSPRNW ULIB Ver.6.0+V

เปลี่ยนเป็นภาษาไทย

Change to English
 แสดงรายละเอียดบรรณานุกรม
  กลับหน้าหลัก

Brief Record : Get Marc (ISO 2709) : E-mail record : QR code < ปิดหน้าต่าง
LEADER : 00000nam 2200000uu 4500
001    13399124530
003     ULIB
008    020711s2550 th a 000 0 tha d
099    วจ.WY18^bป142ผ
100    ปฐมพร โพธิ์ถาวร
245    ผลการจัดการเรียนการสอนวิชาการพยาบาลสูติศาสตร์ด้วยรูปแบบการเรียนรู้แบบมีส่วนร่วม/^cปฐมพร โพธิ์ถาวร,ศรีสุดา สว่างสาลี
260    สงขลา :^bวิทยาลัยพยาบาลบรมราชชนนี สงขลา,^c2550
300    51 หน้า
650    การจัดการเรียนการสอน
700    ศรีสุดา สว่างสาลี
945    ^p0^l0^i020725
รายการนี้ยังไม่มีแท็ก
คุณยังไม่ได้ล็อกอิน คุณสามารถมีกิจกรรมร่วมกับเว็บไซต์ได้ แต่ต้องล็อกอินก่อน ::
  ล็อกอิน

รายการสื่อสารสนเทศ

ลำดับที่ ประเภท เลขเรียก/บาร์โค้ด สถานที่ สถานะ
1. งานวิจัย
งานวิจัย
วจ.WY18 ป142ผ ฉ.1 
  Barcode: 020725
ห้องสมุดวิทยาเขตสวรรค์ประชารักษ์
►วิจัย
บนชั้น

รายการใกล้เคียง
    ผู้แต่ง [ปฐมพร โพธิ์ถาวร]

    หัวเรื่อง [การจัดการเรียนการสอน]

BibComment


ยังไม่เคยถูกคอมเมนท์

คอมเมนท์ทรัพยากรรายการนี้
  คอมเมนท์: ผลการจัดการเรียนก..


 Copyright 2026. Bcnsprnw @Library